[Event "RUS-chT 32nd"]
[Site "Sochi"]
[Date "2025.05.03"]
[Round "7.6"]
[White "Kuzmin, Roman"]
[Black "Plyasunov, Daniil"]
[Result "1/2-1/2"]
[WhiteElo "2182"]
[BlackElo "2296"]
[PlyCount "65"]
[EventDate "2025.04.26"]
[EventType "team-swiss"]
[EventRounds "9"]
[EventCountry "RUS"]
[SourceTitle "CB19_2025"]
[SourceDate "2025.05.07"]
[SourceVersion "1"]
[SourceVersionDate "2025.05.07"]
[SourceQuality "1"]
[WhiteTeam "Sverdlovsk Region Sima Lend"]
[BlackTeam "Novosibirsk GAU"]
[WhiteTeamCountry "RUS"]
[BlackTeamCountry "RUS"]

1. e4 c5 2. Nf3 d6 3. d4 cxd4 4. Qxd4 Nc6 5. Qd3 g6 6. Be2 Bg7 7. 0-0 Nf6 8. Nc3 0-0 9. Nd5 Bg4 10. c3 Nxd5 11. exd5 Ne5 12. Nxe5 Bxe2 13. Qxe2 Bxe5 14. Bh6 Bg7 15. Bxg7 Kxg7 16. h4 Qd7 17. Qe4 Rfe8 18. Qd4+ Kg8 19. Rfe1 h5 20. Re3 e5 21. dxe6 Rxe6 22. Rae1 Rxe3 23. Rxe3 b6 24. g3 Re8 25. Rxe8+ Qxe8 26. Qxd6 Qe1+ 27. Kg2 Qe4+ 28. Kh2 Qc2 29. Qd8+ Kh7 30. Qf6 Kg8 31. Qd8+ Kh7 32. Qf6 Kg8 33. Qd8+ 1/2-1/2

[Event "Titled Tuesday intern op 01st Apr Early"]
[Site "Chess.com INT"]
[Date "2025.04.01"]
[Round "1"]
[White "Shinkarev, M."]
[Black "Plyasunov, Daniil"]
[Result "0-1"]
[WhiteElo "2118"]
[BlackElo "2300"]
[PlyCount "62"]
[EventDate "2025.04.01"]
[EventType "swiss (blitz)"]
[EventRounds "11"]
[EventCountry "USA"]
[SourceTitle "CB15_2025"]
[SourceDate "2025.04.09"]
[SourceVersion "1"]
[SourceVersionDate "2025.04.09"]
[SourceQuality "1"]

1. c4 e5 2. g3 c6 3. d4 e4 4. d5 Bb4+ 5. Bd2 Qe7 6. Nc3 Nf6 7. a3 Bxc3 8. Bxc3 cxd5 9. cxd5 d6 10. Bg2 0-0 11. Nh3 Nbd7 12. 0-0 Ne5 13. Qd4 Bf5 14. f3 exf3 15. exf3 Rfe8 16. Nf2 Rac8 17. Qxa7 Nxd5 18. Bxe5 dxe5 19. Rfe1 Ra8 20. Qxa8 Rxa8 21. f4 e4 22. Nxe4 Bxe4 23. Bxe4 Qc5+ 24. Kg2 g6 25. Rac1 Qd4 26. Kh3 Nf6 27. Bxb7 Qd7+ 28. f5 Qxb7 29. fxg6 hxg6 30. Rc7 Qxc7 31. Re8+ Rxe8 0-1

[Event "Titled Tuesday intern op 25th Mar Early"]
[Site "Chess.com INT"]
[Date "2025.03.25"]
[Round "9"]
[White "Fier, Alexandr"]
[Black "Plyasunov, Daniil"]
[Result "0-1"]
[WhiteElo "2534"]
[BlackElo "2300"]
[PlyCount "64"]
[EventDate "2025.03.25"]
[EventType "swiss (blitz)"]
[EventRounds "11"]
[EventCountry "USA"]
[SourceTitle "CB14_2025"]
[SourceDate "2024.11.01"]
[SourceVersion "1"]
[SourceVersionDate "2024.11.01"]
[SourceQuality "1"]

1. d4 d5 2. Bg5 h6 3. Bh4 c5 4. e3 Qb6 5. Nf3 Qxb2 6. Nbd2 cxd4 7. exd4 Nc6 8. Rb1 Qc3 9. Bb5 Bf5 10. 0-0 a6 11. Bxc6+ Qxc6 12. Ne5 Qc8 13. c4 Bxb1 14. Qa4+ b5 15. cxb5 Bc2 16. Qa3 e6 17. Qf3 Nf6 18. Rc1 axb5 19. Bxf6 gxf6 20. Qxf6 Rh7 21. Nf1 Rxa2 22. Ne3 Rb2 23. N3g4 Rb1 24. Qf4 Rxc1+ 25. Qxc1 Be7 26. Ne3 b4 27. f4 b3 28. f5 Qc3 29. fxe6 fxe6 30. Qf1 Qxe3+ 31. Kh1 b2 32. Qb5+ Kf8 0-1

[Event "Titled Tuesday intern op 25th Mar Early"]
[Site "Chess.com INT"]
[Date "2025.03.25"]
[Round "4"]
[White "Plyasunov, Daniil"]
[Black "Sarana, Alexey"]
[Result "0-1"]
[WhiteElo "2300"]
[BlackElo "2689"]
[PlyCount "78"]
[EventDate "2025.03.25"]
[EventType "swiss (blitz)"]
[EventRounds "11"]
[EventCountry "USA"]
[SourceTitle "CB14_2025"]
[SourceDate "2024.11.01"]
[SourceVersion "1"]
[SourceVersionDate "2024.11.01"]
[SourceQuality "1"]

1. e4 c5 2. Nf3 Nc6 3. Bb5 d6 4. 0-0 Bd7 5. Re1 Nf6 6. c3 a6 7. Bxc6 Bxc6 8. d4 cxd4 9. cxd4 Bxe4 10. Bg5 d5 11. Nc3 e6 12. Bxf6 gxf6 13. Nxe4 dxe4 14. Rxe4 Qd5 15. Qa4+ b5 16. Qc2 Bd6 17. a4 b4 18. Rae1 h5 19. Nh4 Kd7 20. Nf3 Rhg8 21. Qe2 a5 22. g3 Rac8 23. Nd2 f5 24. Rh4 Rg4 25. Rxh5 Rxd4 26. Nf1 Qc4 27. Qf3 Qc6 28. Qxc6+ Rxc6 29. Rh7 Ke7 30. Ne3 Kf6 31. Re2 Re4 32. Kg2 Rc1 33. h4 Bc5 34. Kf3 Bxe3 35. Rxe3 Rd4 36. Rh8 Rc2 37. Ra8 Rdd2 38. g4 Rxf2+ 39. Kg3 f4+ 0-1

[Event "Titled Tuesday intern op 11th Mar Early"]
[Site "Chess.com INT"]
[Date "2025.03.11"]
[Round "10"]
[White "Dyachuk, Artem"]
[Black "Plyasunov, Daniil"]
[Result "0-1"]
[WhiteElo "2308"]
[BlackElo "2300"]
[PlyCount "86"]
[EventDate "2025.03.11"]
[EventType "swiss (blitz)"]
[EventRounds "11"]
[EventCountry "USA"]
[SourceTitle "CB12_2025"]
[SourceDate "2025.03.19"]
[SourceVersion "1"]
[SourceVersionDate "2025.03.19"]
[SourceQuality "1"]

1. e4 c5 2. Nf3 d6 3. d4 cxd4 4. Nxd4 Nf6 5. Nc3 a6 6. h3 g6 7. g4 Bg7 8. Bg2 h5 9. g5 Nfd7 10. Be3 Nc6 11. Nb3 0-0 12. Qe2 b5 13. e5 Bb7 14. exd6 exd6 15. 0-0 Re8 16. Rad1 Nde5 17. Nc5 Bc8 18. N5e4 Nc4 19. b3 Nxe3 20. Rxd6 Nxg2 21. Nd5 Qxd6 22. Nef6+ Kh8 23. Qxe8+ Qf8 24. Qxc6 Bxh3 25. Rd1 Nh4 26. Nf4 Bf5 27. Qh1 Bxf6 28. gxf6 g5 29. Nxh5 Rd8 30. Re1 Qh6 31. Ng3 Qxf6 32. Qb7 Rg8 33. Re3 Be6 34. Ne4 Qf4 35. Ng3 Rd8 36. Re1 Nf3+ 37. Kf1 Bh3+ 38. Ke2 Re8+ 39. Kd3 Nxe1+ 40. Kc3 Qe5+ 41. Kd2 Qd4+ 42. Kc1 Nd3+ 43. cxd3 Qc3+ 0-1

[Event "Titled Tuesday intern op 11th Mar Early"]
[Site "Chess.com INT"]
[Date "2025.03.11"]
[Round "5"]
[White "Lazavik, Denis"]
[Black "Plyasunov, Daniil"]
[Result "1-0"]
[WhiteElo "2572"]
[BlackElo "2300"]
[PlyCount "65"]
[EventDate "2025.03.11"]
[EventType "swiss (blitz)"]
[EventRounds "11"]
[EventCountry "USA"]
[SourceTitle "CB12_2025"]
[SourceDate "2025.03.19"]
[SourceVersion "1"]
[SourceVersionDate "2025.03.19"]
[SourceQuality "1"]

1. d4 d5 2. c4 e6 3. Nf3 Nf6 4. Bg5 dxc4 5. e4 b5 6. a4 c6 7. e5 h6 8. Bh4 g5 9. exf6 gxh4 10. Nc3 Bb4 11. g3 Qxf6 12. Bg2 h3 13. Bxh3 Bb7 14. 0-0 Nd7 15. Bg2 a6 16. Ne4 Qe7 17. Ne5 0-0-0 18. Qc2 f5 19. Nc3 Nxe5 20. dxe5 Rd3 21. axb5 cxb5 22. Bxb7+ Kxb7 23. Qb1 Qc5 24. Qc1 h5 25. Qg5 Qe7 26. Qg6 h4 27. Ne2 hxg3 28. hxg3 Bc5 29. Nf4 Rf3 30. Kg2 Rxf4 31. gxf4 Qh4 32. Qg3 Qh7 33. Rh1 1-0

[Event "Moscow Aeroflot op-A"]
[Site "Moscow"]
[Date "2025.03.04"]
[Round "6"]
[White "Korchmar, Vasiliy"]
[Black "Plyasunov, Daniil"]
[Result "1/2-1/2"]
[WhiteElo "2429"]
[BlackElo "2300"]
[PlyCount "99"]
[EventDate "2025.03.01"]
[EventType "swiss"]
[EventRounds "9"]
[EventCountry "RUS"]
[SourceTitle "CB11_2025"]
[SourceDate "2025.03.12"]
[SourceVersion "1"]
[SourceVersionDate "2025.03.12"]
[SourceQuality "1"]

1. c4 e5 2. d3 Bb4+ 3. Nc3 Ne7 4. Bd2 Nbc6 5. g3 0-0 6. Bg2 d6 7. a3 Bxc3 8. Bxc3 Be6 9. Nf3 Qd7 10. Ng5 Bf5 11. e4 Bg4 12. f3 Bh5 13. g4 Bg6 14. 0-0 f6 15. Nh3 Bf7 16. f4 h6 17. f5 b5 18. cxb5 Nd8 19. a4 a6 20. bxa6 c5 21. Bd2 Rxa6 22. Nf2 Ndc6 23. h4 Kh8 24. g5 Ng8 25. g6 Be8 26. Ng4 Nd4 27. a5 Qb7 28. Bc3 Bc6 29. Ne3 Ne7 30. Bxd4 exd4 31. Nc4 d5 32. exd5 Nxd5 33. Qd2 Ne3 34. Nxe3 dxe3 35. Bxc6 Rxc6 36. Qxe3 Qxb2 37. a6 Rcc8 38. a7 Ra8 39. Qxc5 Qb7 40. Qf2 Qb4 41. Rfb1 Qd6 42. Rb7 Qxd3 43. Re1 Qd5 44. Reb1 Rfd8 45. Rb8 Qe5 46. Rxa8 Rxa8 47. Kg2 Qd5+ 48. Kg1 Qe5 49. Rb7 Rd8 50. Rb1 1/2-1/2

[Event "Titled Tuesday intern op 11th Feb Early"]
[Site "Chess.com INT"]
[Date "2025.02.11"]
[Round "7"]
[White "Plyasunov, Daniil"]
[Black "Karpenko, Anton"]
[Result "1-0"]
[WhiteElo "2300"]
[BlackElo "2207"]
[PlyCount "67"]
[EventDate "2025.02.11"]
[EventType "swiss (blitz)"]
[EventRounds "11"]
[EventCountry "USA"]
[SourceTitle "CB08_2025"]
[SourceDate "2025.02.19"]
[SourceVersion "1"]
[SourceVersionDate "2025.02.19"]
[SourceQuality "1"]

1. e4 c5 2. Nf3 d6 3. Bb5+ Bd7 4. Bxd7+ Nxd7 5. c3 Ngf6 6. Qe2 e6 7. d4 Be7 8. e5 Nd5 9. c4 Nc7 10. exd6 Bxd6 11. dxc5 Nxc5 12. 0-0 0-0 13. Rd1 N7a6 14. Bf4 Bxf4 15. Rxd8 Rfxd8 16. Nc3 Nb4 17. a3 Nbd3 18. b4 Nb3 19. Rd1 Nbc1 20. Qc2 Rac8 21. g3 Rxc4 22. gxf4 Rxc3 23. Qd2 Rdc8 24. Nd4 h6 25. a4 R3c4 26. Nb5 a6 27. Nd6 R8c6 28. Nxc4 Rxc4 29. Qe3 Nxf4 30. Kf1 Nce2 31. Re1 Rxb4 32. Rxe2 Rb1+ 33. Re1 Rxe1+ 34. Qxe1 1-0

[Event "Titled Tuesday intern op 11th Feb Early"]
[Site "Chess.com INT"]
[Date "2025.02.11"]
[Round "4"]
[White "Plyasunov, Daniil"]
[Black "Vachier Lagrave, Maxime"]
[Result "0-1"]
[WhiteElo "2300"]
[BlackElo "2729"]
[PlyCount "154"]
[EventDate "2025.02.11"]
[EventType "swiss (blitz)"]
[EventRounds "11"]
[EventCountry "USA"]
[SourceTitle "CB08_2025"]
[SourceDate "2025.02.19"]
[SourceVersion "1"]
[SourceVersionDate "2025.02.19"]
[SourceQuality "1"]

1. e4 c5 2. Nf3 Nc6 3. Bb5 g6 4. 0-0 Bg7 5. Re1 Nf6 6. e5 Nd5 7. Nc3 Nc7 8. Bxc6 dxc6 9. Ne4 b6 10. Nf6+ Kf8 11. Ne4 h6 12. h3 Bf5 13. d3 Qd5 14. b3 Rd8 15. Bb2 Kg8 16. a4 a5 17. Ned2 Qd7 18. Nc4 Nd5 19. Ne3 Be6 20. Nxd5 cxd5 21. Qe2 Kh7 22. Qe3 Rc8 23. Rad1 Rhd8 24. Qf4 Kg8 25. Qh4 g5 26. Qg3 d4 27. Bc1 f6 28. h4 Rf8 29. Re2 Bd5 30. Rde1 Qf5 31. exf6 exf6 32. Nd2 Rf7 33. Ne4 Bxe4 34. Rxe4 Bf8 35. Bd2 Kg7 36. Re6 Rb7 37. h5 Kf7 38. R6e4 Rd7 39. Kf1 Bd6 40. Qf3 Qxf3 41. gxf3 Re7 42. Kg2 f5 43. Rxe7+ Bxe7 44. Re2 Bd6 45. Re1 Kf6 46. Re2 Bc7 47. Re1 Rb8 48. Kf1 f4 49. Kg2 Be5 50. Kh3 Kf5 51. Rd1 Rg8 52. Rg1 Rg7 53. Rg2 Rb7 54. Rg1 b5 55. axb5 Rxb5 56. Ra1 Bc7 57. Re1 a4 58. bxa4 Rb2 59. Rc1 Ra2 60. a5 Bxa5 61. Bxa5 Rxa5 62. Rb1 Ra2 63. Rb6 Rxc2 64. Rxh6 Rxf2 65. Rc6 Rxf3+ 66. Kg2 Rxd3 67. h6 Kg4 68. h7 Rg3+ 69. Kf2 Rh3 70. Rxc5 Rh2+ 71. Kg1 Rxh7 72. Rd5 Ra7 73. Rxd4 Kg3 74. Rd3+ f3 75. Rd1 g4 76. Kh1 Rh7+ 77. Kg1 f2+ 0-1

[Event "Titled Tuesday intern op 11th Feb Early"]
[Site "Chess.com INT"]
[Date "2025.02.11"]
[Round "2"]
[White "Vaicekauskas, Gytis"]
[Black "Plyasunov, Daniil"]
[Result "0-1"]
[WhiteElo "2200"]
[BlackElo "2300"]
[PlyCount "174"]
[EventDate "2025.02.11"]
[EventType "swiss (blitz)"]
[EventRounds "11"]
[EventCountry "USA"]
[SourceTitle "CB08_2025"]
[SourceDate "2025.02.19"]
[SourceVersion "1"]
[SourceVersionDate "2025.02.19"]
[SourceQuality "1"]

1. e4 c5 2. Nc3 e6 3. Bc4 a6 4. a4 Nf6 5. d3 d5 6. Bb3 Nc6 7. f4 dxe4 8. Nxe4 Nxe4 9. dxe4 Qxd1+ 10. Kxd1 Nd4 11. Bc4 Bd7 12. c3 Nc6 13. Be3 Na5 14. Be2 Bc6 15. Bf3 e5 16. Ne2 Nc4 17. Bc1 Nb6 18. a5 Nd7 19. Kc2 0-0-0 20. Be3 Bd6 21. f5 Nf6 22. Ng3 h5 23. h4 Ng4 24. Bg5 f6 25. Bd2 Bc7 26. Bxg4 hxg4 27. h5 c4 28. Rh4 Rd3 29. Rxg4 Rhd8 30. Nf1 R8d7 31. Be3 Rd1 32. Rxd1 Ba4+ 33. b3 Bxb3+ 34. Kb2 Bxd1 35. Rh4 Bxa5 36. Nd2 Be2 37. h6 gxh6 38. Rxh6 Bd8 39. Rh8 Kc7 40. Bh6 b5 41. g3 Bd3 42. Nb1 Be7 43. Na3 Kc6 44. g4 Be2 45. Rg8 Rd3 46. Nc2 Bc5 47. Bg7 Rd6 48. Bf8 Rd8 49. Bxc5 Rxg8 50. Be7 Rxg4 51. Bxf6 Rxe4 52. Bg7 Bg4 53. f6 Rf4 54. Nb4+ Kd7 55. Nd5 Rf2+ 56. Ka3 Be6 57. Nb6+ Kc6 58. Na8 Kb7 59. Kb4 Kxa8 60. Kc5 Kb7 61. Kd6 Bf7 62. Kxe5 Kc6 63. Kd4 a5 64. Ke3 Rf5 65. Kd2 a4 66. Bf8 Kd5 67. Be7 Ke4 68. Kc1 Kd3 69. Kb2 Rf2+ 70. Ka3 Kxc3 71. Bb4+ Kd3 72. Be7 Rf3 73. Kb4 c3 74. Kxb5 c2 75. Ba3 Kd2 76. Bb2 Rxf6 77. Kxa4 Rf3 78. Bf6 Rb3 79. Bg5+ Kd1 80. Bh6 c1Q 81. Bxc1 Kxc1 82. Ka5 Kc2 83. Ka4 Kc3 84. Ka5 Kc4 85. Ka4 Bd5 86. Ka5 Rb1 87. Ka4 Ra1# 0-1

[Event "Titled Tuesday intern op 04th Feb Early"]
[Site "Chess.com INT"]
[Date "2025.02.04"]
[Round "4"]
[White "Deac, Bogdan Daniel"]
[Black "Plyasunov, Daniil"]
[Result "1-0"]
[WhiteElo "2692"]
[BlackElo "2300"]
[PlyCount "135"]
[EventDate "2025.02.04"]
[EventType "swiss (blitz)"]
[EventRounds "11"]
[EventCountry "USA"]
[SourceTitle "CB07_2025"]
[SourceDate "2025.02.12"]
[SourceVersion "1"]
[SourceVersionDate "2025.02.12"]
[SourceQuality "1"]

1. Nf3 d5 2. e3 Nf6 3. c4 e6 4. b3 c5 5. Bb2 Nc6 6. cxd5 exd5 7. Bb5 Bd6 8. 0-0 0-0 9. d4 cxd4 10. Nxd4 Bc7 11. Nf3 Bg4 12. Be2 Qd6 13. g3 Ne4 14. Nc3 Nxc3 15. Bxc3 Rac8 16. Nd4 Bxe2 17. Qxe2 Nxd4 18. Bxd4 Qe6 19. Rfd1 a6 20. Rd3 Rfd8 21. Qh5 Rd7 22. Rc3 Rcd8 23. Rxc7 Rxc7 24. Bxg7 Qg6 25. Qh4 Rdc8 26. Bb2 Rc2 27. Qd4 Kf8 28. Rd1 Qf5 29. Rf1 Ke7 30. Ba3+ Kd7 31. Qb6 R8c7 32. Qd6+ Kc8 33. Qf8+ Kd7 34. Bd6 Rc8 35. Qe7+ Kc6 36. Bf4 Qe6 37. Qb4 b5 38. a4 bxa4 39. bxa4 Kd7 40. Qb7+ Ke8 41. a5 Qc6 42. Qb3 Rc1 43. Rxc1 Qxc1+ 44. Kg2 Qc4 45. Qb1 Qe4+ 46. Qxe4+ dxe4 47. Bd6 Rc2 48. Bb4 Kd7 49. g4 Ke6 50. Kg3 f5 51. h3 Rb2 52. Bc3 Ra2 53. Bb4 Ra1 54. Bc3 Rb1 55. Bd4 Rc1 56. Bb6 Rc2 57. Kg2 Kf6 58. Kg3 Kg6 59. Bd8 h5 60. gxf5+ Kxf5 61. Bb6 Kg6 62. Bd8 Kf5 63. Bb6 Ra2 64. Kg2 Ra1 65. Bd8 Rd1 66. Bb6 Rd2 67. Kg3 Ra2 68. Bc7 1-0

[Event "Titled Tuesday intern op 07th Jan Early"]
[Site "Chess.com INT"]
[Date "2025.01.07"]
[Round "1"]
[White "Plyasunov, Daniil"]
[Black "Bykovskiy, Oleg"]
[Result "1-0"]
[WhiteElo "2300"]
[BlackElo "2206"]
[PlyCount "85"]
[EventDate "2025.01.07"]
[EventType "swiss (blitz)"]
[EventRounds "11"]
[EventCountry "USA"]
[SourceTitle "CB03_2025"]
[SourceDate "2025.01.15"]
[SourceVersion "1"]
[SourceVersionDate "2025.01.15"]
[SourceQuality "1"]

1. e4 Nf6 2. e5 Nd5 3. d4 d6 4. c4 Nb6 5. f4 dxe5 6. fxe5 Bf5 7. Nc3 e6 8. Nf3 Bb4 9. Be3 c5 10. a3 cxd4 11. Nxd4 Bxc3+ 12. bxc3 Nc6 13. Nxf5 exf5 14. Qf3 Nxe5 15. Qxf5 Nexc4 16. Qe4+ Qe7 17. Qxe7+ Kxe7 18. Bd4 f6 19. Bd3 Ne5 20. Bf5 Nbc4 21. Kf2 g6 22. Bc2 b6 23. Rhe1 Rhe8 24. a4 Rac8 25. Kg3 Kf8 26. Rf1 Kg7 27. h4 Ne3 28. Rf2 Nxc2 29. Rxc2 Nc4 30. Kh2 Ne3 31. Rb2 Nf5 32. Bf2 Rxc3 33. g4 Nd6 34. g5 Ne4 35. gxf6+ Kxf6 36. Bd4+ Ke6 37. Bxc3 Nxc3 38. Re1+ Kf7 39. Rf2+ Kg7 40. Rxe8 Nxa4 41. Re7+ Kh6 42. Rff7 Kh5 43. Kg3 1-0

[Event "Titled Tuesday intern op 07th Jan Early"]
[Site "Chess.com INT"]
[Date "2025.01.07"]
[Round "5"]
[White "Plyasunov, Daniil"]
[Black "Srebrnic, Marko"]
[Result "1/2-1/2"]
[WhiteElo "2300"]
[BlackElo "2338"]
[PlyCount "133"]
[EventDate "2025.01.07"]
[EventType "swiss (blitz)"]
[EventRounds "11"]
[EventCountry "USA"]
[SourceTitle "CB03_2025"]
[SourceDate "2025.01.15"]
[SourceVersion "1"]
[SourceVersionDate "2025.01.15"]
[SourceQuality "1"]

1. e4 c5 2. Nf3 Nc6 3. Bb5 g6 4. 0-0 Bg7 5. Re1 Qb6 6. Bxc6 Qxc6 7. Nc3 d6 8. d4 Bg4 9. d5 Qc7 10. h3 Bxf3 11. Qxf3 Nf6 12. a4 0-0 13. Bf4 Nd7 14. h4 Ne5 15. Qe2 h5 16. Bg3 Qb6 17. Rab1 Qb4 18. f4 Ng4 19. e5 a6 20. Qe4 Rad8 21. e6 Bd4+ 22. Kh1 f5 23. Qf3 b5 24. axb5 axb5 25. Ne2 Bf6 26. c3 Qb3 27. Nc1 Qc2 28. Qd3 Qxd3 29. Nxd3 Ra8 30. Ra1 Rfb8 31. Nf2 Kf8 32. Nxg4 hxg4 33. Reb1 Ke8 34. Be1 Kd8 35. g3 Kc7 36. Kg2 Kb7 37. Kf2 Rxa1 38. Rxa1 Ra8 39. Rxa8 Kxa8 40. b3 c4 41. b4 Kb7 42. Bd2 Kc7 43. Ke2 Kd8 44. Kd1 Ke8 45. Kc2 Kf8 46. Be3 Kg7 47. Bf2 Kh6 48. Bb6 Kh5 49. Bd8 Kh6 50. Bc7 Kg7 51. Bb6 Kf8 52. Bf2 Ke8 53. Bg1 Kd8 54. Bf2 Kc7 55. Bg1 Kd8 56. Bf2 Ke8 57. Bg1 Kf8 58. Bb6 Kg7 59. Bg1 Kh6 60. Bd4 Bxd4 61. cxd4 Kg7 62. Kc3 Kf6 63. Kc2 Kg7 64. Kc3 Kh6 65. Kc2 Kh5 66. Kc3 Kh6 67. Kc2 1/2-1/2

[Event "RUS-ch Blitz"]
[Site "Sochi"]
[Date "2024.10.14"]
[Round "1"]
[White "Ponkratov, Pavel"]
[Black "Plyasunov, Daniil"]
[Result "1-0"]
[WhiteElo "2564"]
[BlackElo "2291"]
[PlyCount "53"]
[EventDate "2024.10.14"]
[EventType "swiss (blitz)"]
[EventRounds "13"]
[EventCountry "RUS"]
[SourceTitle "CB43_2024"]
[Source "Chessbase"]
[SourceDate "2024.10.23"]
[SourceVersion "1"]
[SourceVersionDate "2024.10.23"]
[SourceQuality "1"]

1. Nf3 d5 2. g3 Nf6 3. Bg2 e6 4. c4 Bd6 5. cxd5 exd5 6. 0-0 0-0 7. Qc2 Re8 8. Nc3 c6 9. d3 Bg4 10. e4 dxe4 11. dxe4 Nbd7 12. h3 Bh5 13. Nh4 Nc5 14. f4 Ne6 15. e5 Bc5+ 16. Kh2 Nd5 17. Nxd5 cxd5 18. Qd3 Nd4 19. Re1 Rc8 20. Kh1 Qb6 21. Bd2 Qxb2 22. g4 Bg6 23. f5 Qc2 24. Re3 Qxd3 25. Rxd3 Rxe5 26. fxg6 hxg6 27. Bc3 1-0

[Event "Titled Tuesday intern op 24th Sep Early"]
[Site "Chess.com INT"]
[Date "2024.09.24"]
[Round "6"]
[White "Gharibyan, Mamikon"]
[Black "Plyasunov, Daniil"]
[Result "0-1"]
[WhiteElo "2472"]
[BlackElo "2291"]
[PlyCount "72"]
[EventDate "2024.09.24"]
[EventType "swiss (blitz)"]
[EventRounds "11"]
[EventCountry "USA"]
[SourceTitle "EXT 2025"]
[Source "ChessBase"]
[SourceDate "2024.10.14"]
[SourceVersion "1"]
[SourceVersionDate "2024.10.14"]
[SourceQuality "1"]

1. e4 c5 2. Nf3 e6 3. d4 cxd4 4. Nxd4 Nf6 5. Nc3 Nc6 6. a3 Be7 7. Be2 0-0 8. Be3 d6 9. 0-0 Bd7 10. Ndb5 Qb8 11. Qd2 a6 12. Nd4 e5 13. Nf5 Bxf5 14. exf5 Rd8 15. Bb6 Rd7 16. Bc4 Bd8 17. Be3 b5 18. Bd5 Qc7 19. Ne4 Nxe4 20. Bxe4 d5 21. Bxd5 Rc8 22. Rfd1 Nd4 23. Be4 Nf3+ 24. gxf3 Rxd2 25. Rxd2 Bf6 26. a4 h6 27. axb5 axb5 28. Ra7 Qc4 29. Bd5 Qh4 30. Bxf7+ Kh8 31. Rad7 e4 32. fxe4 Be5 33. Kf1 Bxb2 34. Bd5 Be5 35. Ke2 Qh5+ 36. Kd3 Rc3# 0-1

[Event "Titled Tuesday intern op 24th Sep Early"]
[Site "Chess.com INT"]
[Date "2024.09.24"]
[Round "7"]
[White "Plyasunov, Daniil"]
[Black "Galperin, Platon"]
[Result "0-1"]
[WhiteElo "2291"]
[BlackElo "2518"]
[PlyCount "132"]
[EventDate "2024.09.24"]
[EventType "swiss (blitz)"]
[EventRounds "11"]
[EventCountry "USA"]
[SourceTitle "EXT 2025"]
[Source "ChessBase"]
[SourceDate "2024.10.14"]
[SourceVersion "1"]
[SourceVersionDate "2024.10.14"]
[SourceQuality "1"]

1. e4 c5 2. Nf3 e6 3. c3 d5 4. exd5 Qxd5 5. d4 Nf6 6. Be2 Nc6 7. 0-0 cxd4 8. cxd4 Be7 9. Nc3 Qd6 10. Nb5 Qd8 11. Bf4 Nd5 12. Bg3 0-0 13. Rc1 Bd7 14. Nc3 Nxc3 15. bxc3 Na5 16. Ne5 Rc8 17. c4 Be8 18. Bd3 Nc6 19. Nxc6 Bxc6 20. Re1 Bf6 21. Be5 Bxe5 22. Rxe5 g6 23. Qg4 Qf6 24. h4 Rcd8 25. h5 Rd7 26. Rce1 Rfd8 27. d5 exd5 28. h6 Rd6 29. cxd5 Rxd5 30. Rxd5 Bxd5 31. Qd7 Bc6 32. Qh3 Qc3 33. Re3 Kf8 34. Qg3 Qd4 35. Kh2 Qd6 36. f4 Qf6 37. Be2 Rd4 38. Bf3 Qxf4 39. Qxf4 Rxf4 40. Bxc6 bxc6 41. Rc3 Rh4+ 42. Kg3 Rxh6 43. Rxc6 Rh5 44. Ra6 Rc5 45. Rxa7 Kg7 46. a4 g5 47. Ra6 f6 48. Rb6 Rc3+ 49. Kh2 Ra3 50. Rb4 h5 51. Rc4 Kg6 52. Rd4 h4 53. Rc4 f5 54. Rb4 g4 55. Kg1 Kg5 56. Kf2 h3 57. gxh3 Rxh3 58. Kg2 Ra3 59. Kf2 f4 60. Kg2 Ra2+ 61. Kg1 f3 62. Rc4 Kh4 63. Kh1 Kg3 64. Rc1 Rh2+ 65. Kg1 f2+ 66. Kf1 Rh1+ 0-1

[Event "Titled Tuesday intern op 06th Aug Early"]
[Site "Chess.com INT"]
[Date "2024.08.06"]
[Round "4"]
[White "Baches Garcia, Guillermo"]
[Black "Plyasunov, Daniil"]
[Result "1/2-1/2"]
[WhiteElo "2322"]
[BlackElo "2291"]
[PlyCount "86"]
[EventDate "2024.08.06"]
[EventType "swiss (blitz)"]
[EventRounds "11"]
[EventCountry "USA"]
[SourceTitle "EXT 2025"]
[Source "ChessBase"]
[SourceDate "2024.10.14"]
[SourceVersion "1"]
[SourceVersionDate "2024.10.14"]
[SourceQuality "1"]

1. d4 Nf6 2. c4 e6 3. Nc3 Bb4 4. Qc2 d5 5. a3 Bxc3+ 6. Qxc3 0-0 7. Nf3 dxc4 8. Qxc4 b6 9. Bg5 Ba6 10. Qa4 h6 11. Bh4 c5 12. dxc5 bxc5 13. Rd1 Qb6 14. Bxf6 gxf6 15. Rd2 Nc6 16. h4 Rfd8 17. Qf4 Rxd2 18. Qxd2 Rd8 19. Qc3 Nd4 20. Rh3 Kf8 21. Nxd4 cxd4 22. Qb4+ Qxb4+ 23. axb4 Bb5 24. Ra3 a6 25. e3 Bxf1 26. Kxf1 dxe3 27. Rxe3 Rd4 28. Ra3 Rxh4 29. Rxa6 Rxb4 30. Ra2 Rb3 31. Ke2 Kg7 32. Kd2 f5 33. Kc2 Rb8 34. Kc3 Kf6 35. b4 Ke5 36. Kc4 Rc8+ 37. Kb5 Kd6 38. Rd2+ Ke5 39. Kb6 Rb8+ 40. Ka5 Ra8+ 41. Kb6 Rb8+ 42. Ka5 Ra8+ 43. Kb6 Rb8+ 1/2-1/2

[Event "Titled Tuesday intern op 06th Aug Early"]
[Site "Chess.com INT"]
[Date "2024.08.06"]
[Round "2"]
[White "Starcevic, Ante Leon"]
[Black "Plyasunov, Daniil"]
[Result "0-1"]
[WhiteElo "2175"]
[BlackElo "2291"]
[PlyCount "66"]
[EventDate "2024.08.06"]
[EventType "swiss (blitz)"]
[EventRounds "11"]
[EventCountry "USA"]
[SourceTitle "EXT 2025"]
[Source "ChessBase"]
[SourceDate "2024.10.14"]
[SourceVersion "1"]
[SourceVersionDate "2024.10.14"]
[SourceQuality "1"]

1. e4 c5 2. Nf3 d6 3. d4 cxd4 4. Nxd4 Nf6 5. f3 Nc6 6. c4 e5 7. Nb3 Be6 8. Be3 Be7 9. Nc3 0-0 10. Nd5 Nd7 11. Be2 Bg5 12. Qd2 Bxe3 13. Qxe3 a5 14. 0-0 a4 15. Nd2 Nd4 16. Bd3 Nc5 17. Rac1 Bxd5 18. cxd5 b5 19. Nb1 Qb6 20. Kh1 Rac8 21. Nc3 Rc7 22. Ne2 Nxe2 23. Bxe2 Rb8 24. b4 axb3 25. axb3 b4 26. Bc4 Ra7 27. Ra1 Ra3 28. Rfb1 Rba8 29. Qc1 h6 30. h3 Nd7 31. Qb2 Nf6 32. g4 Qe3 33. Kg2 Nh7 0-1

[Event "Titled Tuesday intern op 06th Aug Early"]
[Site "Chess.com INT"]
[Date "2024.08.06"]
[Round "9"]
[White "Voitovich, Vladislav"]
[Black "Plyasunov, Daniil"]
[Result "0-1"]
[WhiteElo "2319"]
[BlackElo "2291"]
[PlyCount "56"]
[EventDate "2024.08.06"]
[EventType "swiss (blitz)"]
[EventRounds "11"]
[EventCountry "USA"]
[SourceTitle "EXT 2025"]
[Source "ChessBase"]
[SourceDate "2024.10.14"]
[SourceVersion "1"]
[SourceVersionDate "2024.10.14"]
[SourceQuality "1"]

1. d4 Nf6 2. Bg5 e6 3. e4 h6 4. Bxf6 Qxf6 5. c3 d6 6. Bd3 e5 7. Ne2 g5 8. 0-0 Bg7 9. Nd2 h5 10. Nc4 Nc6 11. Ne3 Ne7 12. Qb3 g4 13. f4 exd4 14. cxd4 0-0 15. e5 Qh6 16. Bc4 dxe5 17. fxe5 Kh8 18. Rxf7 Rxf7 19. Bxf7 c5 20. Rf1 cxd4 21. Nxd4 Bxe5 22. Ne6 Bxe6 23. Bxe6 Bd4 24. Re1 Rf8 25. Qd3 Qf4 26. Qe2 Qe5 27. Bc4 Nf5 28. Qd3 Nxe3 0-1